Princess Peach: liste des apparitions jouables. - Statistiques

Statistiques générales
  • Ce quiz a été pris 8 fois
  • Le résultat moyen est 27 sur 84
Statistiques - réponses
Année Jeu % Correct
2008 Wii Mario Kart Wii
100%
2003 NGC Mario Party 5
86%
2011 3DS Mario Kart 7
86%
2014 Wii U Mario Kart 8
86%
2005 NDS Mario Kart DS
86%
1998 N64 Mario Party
86%
2015 Wii U Mario Party 10
86%
1999 N64 Mario Party 2
86%
2000 N64 Mario Party 3
86%
2002 NGC Mario Party 4
86%
2004 NGC Mario Party 6
86%
2005 NGC Mario Party 7
86%
2007 WII Mario Party 8
86%
2012 Wii Mario Party 9
86%
2017 Switch Mario Kart 8 Deluxe
71%
2003 NGC Mario Kart: Double Dash!!
71%
2018 Switch Super Mario Party
71%
2019 Mobile Mario Kart Tour
57%
1992 NES Super Mario Kart
57%
2014 Wii U Super Smash Bros. for Wii U
43%
1997 N64 Mario Kart 64
43%
2007 NDS Mario Party DS
43%
2013 Wii U Super Mario 3D World
43%
2021 Switch Super Mario 3D World + Bowser's Fury
43%
2008 Wii Super Smash Bros. Brawl
43%
2014 3DS Super Smash Bros. for 3DS
43%
2001 NGC Super Smash Bros. Melee
43%
2018 Switch Super Smash Bros. Ultimate
43%
1999 N64 Mario Golf
29%
2001 GBA Mario Kart: Super Circuit
29%
2000 N64 Mario Tennis
29%
2001 N64 Paper Mario
29%
1988 NES Super Mario Bros. 2
29%
2016 Mobile Super Mario Run
29%
2006 NDS Super Princess Peach
29%
2019 Mobile Dr. Mario World
14%
2007 WII Mario & Sonic aux Jeux Olympiques
14%
2008 NDS Mario & Sonic aux Jeux Olympiques
14%
2012 Wii Mario & Sonic aux Jeux Olympiques de Londres 2012
14%
2016 Wii U Mario & Sonic aux Jeux Olympiques de Rio 2016
14%
2019 Switch Mario & Sonic aux Jeux Olympiques de Tokyo 2020
14%
2009 Wii Mario & Sonic aux Jeux Olympiques d'Hiver
14%
2013 Wii U Mario & Sonic aux Jeux Olympiques d'hiver de Sotchi 2014
14%
2004 GBA Mario Golf: Advance Tour
14%
2021 Switch Mario Golf: Super Rush
14%
2003 NGC Mario Golf: Toadstool Tour
14%
2005 Arcade Mario Kart Arcade GP
14%
2007 Arcade Mario Kart Arcade GP2
14%
2013 Arcade Mario Kart Arcade GP DX
14%
2013 3DS Mario Party: Island Tour
14%
2016 3DS Mario Party Star Rush
14%
2017 3DS Mario Party: The Top 100
14%
2004 GBA Mario Power Tennis
14%
2006 NDS Mario Slam Basketball
14%
2005 NGC Mario Smash Football
14%
2011 Wii Mario Sports Mix
14%
2017 3DS Mario Sports Superstar
14%
2022 Switch Mario Strikers: Battle League Football
14%
2007 WII Mario Strikers Charged Football
14%
2005 NGC Mario Superstar Baseball
14%
2018 Switch Mario Tennis Aces
14%
2012 3DS Mario Tennis Open
14%
2005 GBA Mario Tennis: Power Tour
14%
2015 Wii U Mario Tennis Ultra Smash
14%
2004 NGC Paper Mario: La Porte Millénaire
14%
2024 Switch Paper Mario: La Porte Millénaire
14%
2024 Switch Princess Peach: Showtime
14%
1999 GBA Super Mario Advance
14%
1993 SNES Super Mario All Stars
14%
2010 Wii Super Mario All Stars - Edition 25e Anniversaire
14%
1994 SNES Super Mario All Stars + Super Mario World
14%
2023 Switch Super Mario Bros. Wonder
14%
1996 SNES Super Mario RPG
14%
2023 Switch Super Mario RPG
14%
2008 Wii Super Mario Stadium Baseball
14%
2007 Wii Super Paper Mario
14%
2012 Wii Course à la Fortune
0%
2011 Wii Mario & Sonic aux Jeux Olympiques de Londres 2012
0%
2014 3DS Mario Gold: World Tour
0%
2005 GBA Mario Party Advance
0%
1995 SNES Mario's Tennis
0%
2016 Wii U Mini Mario & Friends: Amiibo challenge
0%
2009 Wii Nouvelle façon de jouer: Mario Power Tennis
0%
2006 NDS Yoshi's Island DS
0%
Aucun quiz correspondant
Distribution des résultats
% des personnes avec chaque résultat
Percentile par nombre de réponses
Votre historique - résultats
Vous n’avez pas pris ce quiz